<?xml version="1.0" encoding="UTF-8"?>
<record
    xmlns:xsi="http://www.w3.org/2001/XMLSchema-instance"
    xsi:schemaLocation="http://www.loc.gov/MARC21/slim http://www.loc.gov/standards/marcxml/schema/MARC21slim.xsd"
    xmlns="http://www.loc.gov/MARC21/slim">

  <leader>01224nam a2200157 a 4500</leader>
  <controlfield tag="005">20140414093840.0</controlfield>
  <controlfield tag="008">071008s19uu    xx            00    eng d</controlfield>
  <datafield tag="050" ind1=" " ind2=" ">
    <subfield code="a">DVD 790</subfield>
    <subfield code="b">BEC 2001</subfield>
  </datafield>
  <datafield tag="245" ind1=" " ind2=" ">
    <subfield code="a">Beckett on film :</subfield>
    <subfield code="b">19 films x 19 directors.</subfield>
  </datafield>
  <datafield tag="260" ind1=" " ind2=" ">
    <subfield code="a">Sl :</subfield>
    <subfield code="b">Blue Angel Films,</subfield>
    <subfield code="c">c2001.</subfield>
  </datafield>
  <datafield tag="300" ind1=" " ind2=" ">
    <subfield code="a">4 videodisks</subfield>
  </datafield>
  <datafield tag="500" ind1=" " ind2=" ">
    <subfield code="a">The comprehensive cinematic iterpretation od Bekett's plays.</subfield>
  </datafield>
  <datafield tag="520" ind1=" " ind2=" ">
    <subfield code="a">Contents: Disk 1 Red (1. Waitng for Godot / Michael Lindsay-Hogg.-- 2.  Not I / Neil Jordan.-- 3. Rough for theatre I / Kieron J. Walsh.-- 4 Ohio impromptu / Charles Sturridge.-- 5. Docummentary.-- 6. Addenda.) Disk 2 Blue (1. Krapp's last tape / Atom Egoyan.-- 2. What where / Damien O'Donell.-- 3. Come and go / John Crowley.-- 4. Act without words I / Karel Reisz.-- 5. Addenda.) Disk 3 (1. Happy days / Patricia Rozema.-- 2. Catastrophe / David Mamet.-- 3. Rough theatre II / Katie Mitchell.-- 4. Breath / Damien Hirst.-- 5. That time / Charles  Garrad.-- 6. Addenda.) Disk 4 Purple (1. End game / Conor McPherson.-- 2. Act without words II / Edna Hughes.-- 3. A piece of monolouge / Robin Lefevre.-- 4. Play / Anthony Minghella.-- 5. Rockaby / Richard Eyre.-- 6. Addenda.)</subfield>
  </datafield>
  <datafield tag="942" ind1=" " ind2=" ">
    <subfield code="c">AVM</subfield>
  </datafield>
  <datafield tag="999" ind1=" " ind2=" ">
    <subfield code="c">109215</subfield>
    <subfield code="d">109215</subfield>
  </datafield>
  <datafield tag="952" ind1=" " ind2=" ">
    <subfield code="0">0</subfield>
    <subfield code="1">0</subfield>
    <subfield code="4">0</subfield>
    <subfield code="a">LUX</subfield>
    <subfield code="b">LUX</subfield>
    <subfield code="c">AV</subfield>
    <subfield code="d">2007-10-08</subfield>
    <subfield code="e">Lib. Fund</subfield>
    <subfield code="l">3</subfield>
    <subfield code="m">2</subfield>
    <subfield code="o">DVD 790 BEC 2001</subfield>
    <subfield code="p">AV0845</subfield>
    <subfield code="r">2022-12-14 00:00:00</subfield>
    <subfield code="s">2019-01-09</subfield>
    <subfield code="w">2014-04-14</subfield>
    <subfield code="y">AVM</subfield>
  </datafield>
</record>
